000
00361nam a2200133Ia 4500
008
151001s9999||||xx |||||||||||||| ||und||
100
_a
P. K. Singh
245
_a
Common Diseases
250
_a
1
260
_b
Pushapanjaly
260
_c
2007
300
_a
224
365
_b
21
999
_c
990531
_d
990528